|
|
|
|
| LEADER |
01970nam a2200517 i 4500 |
| 001 |
nkc20183004086 |
| 003 |
CZ PrNK |
| 005 |
20190301083748.0 |
| 007 |
ta |
| 008 |
180627s2018 xr a f 000 0 eng |
| 015 |
|
|
|a cnb003004086
|
| 020 |
|
|
|a 978-80-248-4198-4
|q (brožováno)
|
| 035 |
|
|
|a (OCoLC)1096291584
|
| 040 |
|
|
|a BOA001
|b cze
|d OLA001
|d ABA001
|e rda
|
| 043 |
|
|
|a e------
|
| 072 |
|
7 |
|a 336.1/.5
|x Veřejné finance
|2 Konspekt
|9 4
|
| 080 |
|
|
|a 336.22
|2 MRF
|
| 080 |
|
|
|a 336.221.4
|2 MRF
|
| 080 |
|
|
|a 336.22:340.137
|2 MRF
|
| 080 |
|
|
|a (4)
|2 MRF
|
| 080 |
|
|
|a (048.8:082)
|2 MRF
|
| 100 |
1 |
|
|a Simonidesová, Jana
|7 mzk20191021566
|4 aut
|
| 245 |
1 |
0 |
|a Tax systems and taxation in the international context /
|c Jana Simonidesová, Adela Feranecová, Erika Dudáš Pajerská
|
| 250 |
|
|
|a First edition
|
| 264 |
|
1 |
|a Ostrava :
|b Vysoká škola báňská - Technická univerzita,
|c 2018
|
| 300 |
|
|
|a 216 stran :
|b ilustrace (převážně barevné) ;
|c 25 cm
|
| 336 |
|
|
|a text
|b txt
|2 rdacontent
|
| 337 |
|
|
|a bez média
|b n
|2 rdamedia
|
| 338 |
|
|
|a svazek
|b nc
|2 rdacarrier
|
| 500 |
|
|
|a 100 výtisků
|
| 504 |
|
|
|a Obsahuje bibliografii
|
| 650 |
0 |
7 |
|a daně
|7 ph114293
|z země Evropské unie
|2 czenas
|
| 650 |
0 |
7 |
|a daňové systémy
|7 ph119347
|z země Evropské unie
|2 czenas
|
| 650 |
0 |
7 |
|a daňová harmonizace
|7 ph312532
|z země Evropské unie
|2 czenas
|
| 650 |
0 |
9 |
|a taxation
|z European Union countries
|2 eczenas
|
| 650 |
0 |
9 |
|a tax systems
|z European Union countries
|2 eczenas
|
| 650 |
0 |
9 |
|a tax harmonization
|z European Union countries
|2 eczenas
|
| 655 |
|
7 |
|a kolektivní monografie
|7 fd501537
|2 czenas
|
| 655 |
|
9 |
|a collective monographs
|2 eczenas
|
| 700 |
1 |
|
|a Feranecová, Adela
|7 mzk20191021570
|4 aut
|
| 700 |
1 |
|
|a Pajerská Dudáš, Erika
|7 mzk20191021575
|4 aut
|
| 910 |
2 |
|
|a BOA001
|b 2-1421.164
|
| 990 |
|
|
|a BK
|
| 995 |
|
|
|a 01
|
| 991 |
|
|
|b 201901
|c NOV
|
| 996 |
6 |
|
|b 2610768020
|c 2-1421.164
|l MZK
|r Sklad / do 1 hodiny
|n 6
|p p.v.
|w 001702950
|u 000010
|a 1
|e BOA001
|j MZK50
|s P
|